| 000 | 01210nam a2200265 a 4500 | ||
|---|---|---|---|
| 001 | 000023835 | ||
| 003 | DO-SdBNP | ||
| 005 | 20230215105533.0 | ||
| 007 | ta | ||
| 008 | 110114s1980 dr a 000 0 spa d | ||
| 040 |
_aDO-SdBNP _bspa _cBNPHU |
||
| 082 | 4 |
_a282.729353 _bV831j _222 |
|
| 245 | 0 | 3 | _aLa visita de Juan Pablo II a Santo Domingo. |
| 260 |
_aSanto Domingo : _bArzobispado de Santo Domingo, _bOficina de prensa, _c1980. |
||
| 300 |
_a264 p. : _bilustraciones ; _c24 cm. |
||
| 500 | _aEdición conmemorativa de la visita a la República Dominicana, los días 25 y 26 de enero de 1979, de S.S. Juan Pablo II. | ||
| 505 | 0 |
_aPresentación -- _gHomenaje y testimonio -- _tAnuncio de la visita -- _tLa espera -- _tLa llegada -- _tLa presencia del Papa -- _tLa despedida -- _tDiscursos y homilías -- _tAgradecimiento y crédito de las fotografías. |
|
| 590 | _aInventariado, 2018/ YL | ||
| 600 | 1 | 4 |
_aJuan Pablo, _bII, _cPapa, _d1920-2005 _910991 |
| 650 | 4 |
_aVisitas papales _zRepública Dominicana _949048 |
|
| 650 | 4 |
_aIglesia católica _zRepública Dominicana _92409 |
|
| 650 | 4 |
_aIglesia católica.-papa-(1978-2005 :juan pablo ii) _949049 |
|
| 910 | _aValidado. Control de calidad EMS | ||
| 942 |
_2ddc _cLBS1 |
||
| 999 |
_c23331 _d23331 |
||